Clic Quel animal est ce personnage de Disney ? (4) - Statistiques

Statistiques générales
  • Ce quiz a été pris 223 fois
  • Le résultat moyen est 16 sur 40
Statistiques - réponses
Hint Explanation Réponse % Correct
Mufasa Le roi Lion Lion
98%
Lili Duck Cartoons Canard
94%
Donald duck Cartoons Canard
85%
Shere Khan Le livre de la jungle Tigre
82%
Percy Pigg Cartoons Cochon
74%
Porcinet Les aventures de Winnie l'Ourson Cochon
71%
Roger Rabbit Cartoons Lapin
71%
Michou Mouse Cartoons Souris
71%
Loulou Cartoons Canard
69%
Jiminy Cricket Pinocchio Criquet
69%
Madame Jumbo Dumbo Eléphant
68%
Melody Mouse Cartoons Souris
67%
Cyril Trottegalop Le crapaud et le maître d'école Cheval
65%
Pua Vaiana la légende du bout du monde Cochon
65%
Clarabelle Cow Cartoons Vache
65%
Zazu Le roi Lion Calao
64%
Riri Cartoons Canard
63%
Tirelire Taram et le chaudron magique Cochon
62%
Nick Wilde Zootopie Renard
38%
Jetsam La petite sirène Murène
33%
Elmer Cartoons Eléphant
30%
Frou-frou Les aristochats Cheval
23%
Gontran Bonheur Cartoons Canard
18%
Nouf-nouf Cartoons Cochon
16%
Achille Le Bossu de Notre-Dame Cheval
12%
Willie Cartoons Baleine
9%
Castor Major Cartoons Canard
9%
Boulard Chicken Little Cochon
9%
Sabor Tarzan Tigre
8%
Pénélope Hercule Ane
7%
Audrey La ferme se rebelle Poule
7%
Goldie O'Gilt Cartoons Canard
6%
Deb Le monde de Némo Poisson
6%
Nangi Zootopie Eléphant
5%
Fabienne Crowley Zootopie Panthère des neiges
5%
Gary Zootopie Loup
4%
Blenny Le monde de Némo Poisson
4%
Travis Zootopie Putois
4%
Salty Cartoons Phoque
3%
Tillie Cartons Tigre
1%
Aucun quiz correspondant
Distribution des résultats
% des personnes avec chaque résultat
Percentile par nombre de réponses
Votre historique - résultats
Vous n’avez pas pris ce quiz